00469nam a22001697a 450000500170000000800410001702000220005805000260008010000180010624500350012425000180015926000280017730000150020550000380022065000230025870000180028120251112102944.0251112b |||||||| |||| 00| 0 eng d a979-8-88715-016-1 aSF 488.K86 2023 bC.1 aKUMAR Ashwani aHandbook Of Poultry Production aFirst Edition aUSAbOryson Pressc2023 aVIII-296P. aIt has bibliographic Information aPoultry Production aKumar Ashwani